| 000 | 00719nam a2200253 i 4500 | ||
|---|---|---|---|
| 003 | DO-SdBNP | ||
| 005 | 20260518111950.0 | ||
| 007 | ta | ||
| 008 | 260518b2012 dr ||||| |||| 00| 0 spa d | ||
| 020 | _a9789945469882 | ||
| 040 |
_aDO-SdBNP _bspa _cBNPHU _erda |
||
| 041 | _aspa | ||
| 082 | 4 |
_axxx _bM671h _222 |
|
| 100 | 1 |
_aMir, Pedro, _d1913-2000 _eautor _4aut. _97245 |
|
| 245 | 1 | 0 |
_aHay un país en el mundo / _cPedro Mir |
| 264 | 4 |
_aSanto Domingo : _bEditora Nacional. _c©2012. |
|
| 300 |
_a19 páginas ; _c22 cm. |
||
| 336 |
_atexto _btxt _2rdacontent |
||
| 337 |
_asin mediación _bn _2rdamedia |
||
| 338 |
_avolumen _bnc _2rdacarrier |
||
| 590 | _aInventariado, 2026/BT | ||
| 910 | _aBtavárez | ||
| 942 |
_2ddc _cLF2 |
||
| 999 |
_c60772 _d60772 |
||